• 首页
  • 本馆介绍
  • 公告通知
  • 最新文献
  • 馆藏检索
  • 电子资源
  • 读者导购
  • 参考咨询
  • 我的图书馆
  • 登录
  • 详细信息显示
  • 放入我的书架
  • 预约/预借图书
  • 作者相关作品
  • 分类相关作品
  • 丛书相关作品
  • 出版社相关作品

书目信息

  • 表格格式
  • 工作单格式
  • 卡片格式
题名:
中学地理教师培训课程指南
    
 
作者: 张素娟 主编 ;北京教育学院 编著
分册:  
出版信息: 北京   北京师范大学出版社  2016
页数: 194页
开本: 23cm
丛书名: 中小学教师培训课程指南丛书
单 册:
中图分类: G633.553
科图分类:
主题词: 中学地理课--zhong xue di li ke--师资培训--教学参考资料
电子资源:
ISBN: 978-7-303-17911-4
000 01287nam 2200289 450
001 012001003935
005 20130127140242.0
010    @a978-7-303-17911-4@dCNY34.00
099    @aCAL 012016053228
100    @a20160506d2016 em y0chiy50 ea
101 0  @achi
102    @aCN@b110000
105    @ak a 000yy
106    @ar
200 1  @a中学地理教师培训课程指南@Azhong xue di li jiao shi pei xun ke cheng zhi nan@f北京教育学院地理教师培训课程指南项目组编著@g本册主编张素娟
210    @a北京@c北京师范大学出版社@d2016
215    @a194页@d23cm
225 2  @a中小学教师培训课程指南丛书@Azhong xiao xue jiao shi pei xun ke cheng zhi nan cong shu
320    @a有书目。
330    @a本书分为初中地理教师培训课程指南、高中地理教师培训课程指南、“教非所学”地理教师培训课程三部分,主要包括:适应期初中地理教师培训课程;熟练期初中地理教师培训课程;骨干期初中地理教师培训课程等。
410  0 @12001 @a中小学教师培训课程指南丛书
606 0  @a中学地理课@Azhong xue di li ke@x师资培训@j教学参考资料
690    @aG633.553@v5
701  0 @a张素娟@Azhang su juan@4主编
712 02 @a北京教育学院@Abei jing jiao yu xue yuan@b地理教师培训课程指南项目组@Bdi li jiao shi pei xun ke cheng zhi nan xiang mu zu@4编著
801  2 @aCN@b江苏凤凰@c20191020
905    @b1219046-9@dG633.553@e320@f4
    
    中学地理教师培训课程指南/北京教育学院地理教师培训课程指南项目组编著/本册主编张素娟.-北京:北京师范大学出版社,2016
    194页;23cm.-(中小学教师培训课程指南丛书)
    
    
    ISBN 978-7-303-17911-4:CNY34.00
    本书分为初中地理教师培训课程指南、高中地理教师培训课程指南、“教非所学”地理教师培训课程三部分,主要包括:适应期初中地理教师培训课程;熟练期初中地理教师培训课程;骨干期初中地理教师培训课程等。
●
相关链接 在E读中查询图书 在五车中查询图书 在当当中查询图书 在豆瓣中查询图书


正题名:中学地理教师培训课程指南     索取号:G633.553/320         预约/预借

序号 登录号 条形码 馆藏地/架位号 状态 备注
1 1219046   212190467   第一样本阅览室/ [索取号:G633.553/320] 在馆    
2 1219047   212190476   教育系资料室/ [索取号:G633.553/320] 在馆    
3 1219048   212190485   教育系资料室/ [索取号:G633.553/320] 在馆    
4 1219049   212190494   第四借阅区/ [索取号:G633.553/320] 在馆    
唐山师范学院图书馆 欢迎您!
大连网信软件有限公司© 版权所有